Southville International School and Colleges
Your cart is empty.
  • Cart
  • Lists
    Public lists Eva Luna New books Lux_list list_1
    Your lists Log in to create your own lists
  • Log in to your account
  • Your cookies
  • Search history
Southville International School and Colleges
  • Advanced search
  • Recent comments
  • Most popular
  • Libraries

Log in to your account

Log in with GOOGLE


If you do not have an external account, but do have a local account, you can still log in:

  1. Home
  2. MARC view: Lenny the liner.
Normal view MARC view ISBD view

Lenny the liner. (Record no. 102144)

[ view plain ]
MARC details
000 -LEADER
fixed length control field 00614nam a2200181 a 4500
005 - DATE AND TIME OF LATEST TRANSACTION
control field 20140412111230.0
008 - FIXED-LENGTH DATA ELEMENTS--GENERAL INFORMATION
fixed length control field 020411s19uu xx 00 eng d
020 ## - INTERNATIONAL STANDARD BOOK NUMBER
International Standard Book Number 1-56987-171-X
050 ## - LIBRARY OF CONGRESS CALL NUMBER
Classification number ER
Item number Le46 1994
245 ## - TITLE STATEMENT
Title Lenny the liner.
260 ## - PUBLICATION, DISTRIBUTION, ETC. (IMPRINT)
Place of publication, distribution, etc Ashland, Ohio :
Name of publisher, distributor, etc Landoll,
Date of publication, distribution, etc 1994.
300 ## - PHYSICAL DESCRIPTION
Extent 1 v. (unp.) ; ill.
440 ## - SERIES STATEMENT/ADDED ENTRY--TITLE
Title A Hear My Sound Board Book!
520 ## - SUMMARY, ETC.
Summary, etc Lenny the Liner blows his horn as he sets out for the day. The smaller boats are relieved to hear his horn as he makes sure the harbor is safe.
650 ## - SUBJECT ADDED ENTRY--TOPICAL TERM
Topical term or geographic name as entry element Transportation
General subdivision Fiction
650 ## - SUBJECT ADDED ENTRY--TOPICAL TERM
Topical term or geographic name as entry element Boats
General subdivision Fiction
Holdings
Withdrawn status Lost status Damaged status Use restrictions Home library Current library Shelving location Date acquired Source of acquisition Total Checkouts Full call number Barcode Date last seen Price effective from Koha item type
        Elizalde Library Elizalde Library Easy Reading Section 04/11/2002     ER Le46 1994 E0626 04/12/2014 04/12/2014 Books

Lenny the liner.

APA

(1994). Lenny the liner. Ashland, Ohio: Landoll.

Chicago

1994. Lenny the liner. Ashland, Ohio: Landoll.

Harvard

(1994). Lenny the liner. Ashland, Ohio: Landoll.

MLA

Lenny the liner. Ashland, Ohio: Landoll. 1994.

  • Place hold
  • Print
  • Cite
  • Add to your cart (remove)
  • Save record
    BIBTEX Dublin Core MARCXML MARC (non-Unicode/MARC-8) MARC (Unicode/UTF-8) MARC (Unicode/UTF-8, Standard) MODS (XML) RIS
  • More searches
    Search for this title in:
    Other Libraries (WorldCat) Other Databases (Google Scholar) Online Stores (Bookfinder.com) Open Library (openlibrary.org)

Exporting to Dublin Core...

SOUTHVILLE LIBRARY

Southville International School and Colleges Library

1281 Tropical Ave. Cor. Luxembourg St., BF Homes International, Las Pinas City

Tel. No. 8256374 / 252358 Loc. 117/146

Powered by Koha